000 00472nam a2200193Ia 4500
005 20140313093549.0
008 140130s9999 xx 000 0 und d
020 _a0590466372
050 _aPZ 7
_b.K65Hhs 1993
100 _aKline, Suzy
245 _cKline, Suzy
_aHorrible harry's secret /
260 _bScholastic,
_c1993.
_aNew York :
300 _a52 p. :
_bill ;
_c21 cm.
440 _v1
521 _aG2
526 _c450
942 _cBK
_2lcc
999 _c40384
_d40384